| 000 | 00000nam##2200000za#4500 |
| 001 | 9.686239 |
| 003 | CaOODSP |
| 005 | 20210624230438 |
| 007 | cr ||||||||||| |
| 008 | 150407|2001||||xxc|||||o f|0| 0 eng|d |
| 020 | |a0-662-30927-8 |
| 040 | |aCaOODSP|beng |
| 043 | |an-cn--- |
| 086 | 1 |aE2-414/2001-2E-IN |
| 110 | 1 |aCanada.|bForeign Affairs and International Trade. |bCanadian Centre for Foreign Policy Development. |
| 245 | 10|aCyprus: Sharing the Canadian Experience of Living Together, June 15-17, 2001 (Larnaca, Cyprus) / |h[electronic resource]|c[by] Marketa Geislerova. |
| 260 | |aOttawa - Ontario : |bForeign Affairs and International Trade. |c[2001]. |
| 300 | |a24p. |
| 590 | |a10-06-Supp|b2010-07-26 |
| 690 | 07|aExternal relations|2gcpds |
| 690 | 07|aPeacekeeping forces|2gcpds |
| 720 | 1 |aGeislerova, Marketa |
| 776 | 0#|tCyprus: sharing the Canadian experience of living together / |w(CaOODSP)9.648274 |
| 856 | 40|ahttp://publications.gc.ca|qPDF|s118 KB|uhttps://publications.gc.ca/collections/Collection/E2-414-2001-2E.pdf |
| 986 | |a7005.3E |